[Event "Canada Day op"]
[Site "Calgary CAN"]
[Date "1999.06.27"]
[Round "4"]
[White "Ottosen, David"]
[Black "Flemming, Jim"]
[Result "1-0"]
[WhiteElo "2100"]
[BlackElo "2040"]
[PlyCount "141"]
[GameId "2160767911743251"]
[EventDate "1999.06.26"]
[EventType "swiss"]
[EventRounds "5"]
[EventCountry "CAN"]
[SourceTitle "Albertabase"]
[SourceDate "2003.08.17"]
[SourceVersion "1"]
[SourceVersionDate "2003.08.17"]
[SourceQuality "1"]

1. e4 e5 2. Nf3 Nc6 3. Bb5 a6 4. Ba4 Nf6 5. O-O b5 6. Bb3 Be7 7. Re1 d6 8. c3 O-O 9. d4 Bg4 10. Be3 exd4 11. cxd4 Na5 12. Bc2 Nc4 13. Bc1 c5 14. b3 Nb6 15. Bb2 Qc7 16. Qd3 Bxf3 17. gxf3 cxd4 18. Nd2 Nbd7 19. Bxd4 Ne5 20. Qc3 Qxc3 21. Bxc3 Rfc8 22. Re3 b4 23. Bxe5 Rxc2 24. Bxf6 Bxf6 25. Rd1 Bd4 26. Rd3 Bc5 27. Rd5 Kf8 28. f4 a5 29. e5 dxe5 30. fxe5 Ke8 31. Ne4 Be7 32. Nd6+ Bxd6 33. exd6 Kd7 34. Re1 Re8 35. Rxe8 Kxe8 36. Rxa5 Rd2 37. Ra4 Kd7 38. Rxb4 Rxa2 39. Rb7+ Ke8 40. Rb8+ Kd7 41. Rf8 Kxd6 42. Rxf7 Rb2 43. Rxg7 Rxb3 44. Rxh7 Ke6 45. Rg7 Kf6 46. Rg3 Rb2 47. Kg2 Kf5 48. h3 Ra2 49. Rg4 Rb2 50. Kg3 Rb3+ 51. f3 Ra3 52. h4 Ra1 53. Rg5+ Kf6 54. Kg4 Ra4+ 55. f4 Ra1 56. Rf5+ Kg6 57. h5+ Kg7 58. Rg5+ Kh7 59. Rg6 Ra5 60. f5 Ra1 61. Kg5 Rg1+ 62. Kf6 Ra1 63. Rg7+ Kh6 64. Re7 Kxh5 65. Kg7 Rg1+ 66. Kf7 Kh6 67. f6 Kh7 68. Ke8+ Kh8 69. f7 Rf1 70. Re2 Rf3 71. f8=Q+ 1-0

[Event "Canada Day op"]
[Site "Calgary CAN"]
[Date "1999.06.27"]
[Round "5"]
[White "Ottosen, David"]
[Black "Tot, Nandor"]
[Result "1-0"]
[WhiteElo "2100"]
[BlackElo "2200"]
[PlyCount "69"]
[GameId "2160767911743252"]
[EventDate "1999.06.26"]
[EventType "swiss"]
[EventRounds "5"]
[EventCountry "CAN"]
[SourceTitle "Albertabase"]
[SourceDate "2003.08.17"]
[SourceVersion "1"]
[SourceVersionDate "2003.08.17"]
[SourceQuality "1"]

1. e4 c5 2. Nf3 d6 3. d4 cxd4 4. Nxd4 Nf6 5. Nc3 a6 6. Be3 e6 7. f3 Be7 8. Qd2 O-O 9. g4 Nc6 10. O-O-O Qc7 11. h4 Nd7 12. f4 b5 13. g5 b4 14. Nce2 Bb7 15. Ng3 Rfc8 16. g6 Nxd4 17. gxf7+ Kxf7 18. Bxd4 Bf6 19. Bxf6 Nxf6 20. Bd3 a5 21. Rhf1 Ba6 22. Rde1 b3 23. axb3 a4 24. bxa4 Bxd3 25. Qxd3 Rxa4 26. e5 Rd4 27. Qe2 Ra8 28. c3 Ra1+ 29. Kc2 Rxe1 30. Rxe1 dxe5 31. fxe5 Ng4 32. Qf3+ Kg6 33. h5+ Kh6 34. Ne4 Nxe5 35. Qf4+ 1-0

[Event "Canada Day op"]
[Site "Toronto CAN"]
[Date "1999.07.03"]
[Round "2"]
[White "Michalowski, Lukasz"]
[Black "Cohen, David"]
[Result "1/2-1/2"]
[WhiteElo "1716"]
[BlackElo "2050"]
[PlyCount "86"]
[GameId "2160767911743209"]
[EventDate "1999.07.02"]
[EventType "swiss"]
[EventRounds "5"]
[EventCountry "CAN"]

1. Nf3 d5 2. g3 Nf6 3. Bg2 Nc6 4. d4 Bf5 5. a3 e6 6. Bg5 Be7 7. Nc3 O-O 8. Nh4 Bg6 9. Nxg6 hxg6 10. h4 Re8 11. Qd3 Ne4 12. Bxe7 Rxe7 13. Nxe4 dxe4 14. Bxe4 Qxd4 15. O-O-O Qxd3 16. Bxd3 Rd8 17. h5 gxh5 18. Rxh5 g6 19. Rg5 Red7 20. Re1 Nd4 21. Rg4 Kg7 22. c3 Nf3 23. Rh1 Ne5 24. Rb4 c5 25. Ra4 Nxd3+ 26. exd3 Rxd3 27. Rxa7 R8d7 28. a4 f6 29. a5 e5 30. Re1 Kf7 31. a6 bxa6 32. Rxa6 R3d6 33. Rxd6 Rxd6 34. Re4 Ke6 35. f4 Kd5 36. fxe5 fxe5 37. Re2 Re6 38. Kc2 e4 39. Kd2 Rb6 40. Kc2 Rf6 41. Kd2 Rf3 42. Re3 Rf2+ 43. Re2 Rf3 1/2-1/2

[Event "Canada Day op"]
[Site "Toronto CAN"]
[Date "1999.07.03"]
[Round "3"]
[White "Cohen, David"]
[Black "Douglas, Michael"]
[Result "1-0"]
[WhiteElo "2050"]
[BlackElo "1807"]
[PlyCount "57"]
[GameId "2160767911743210"]
[EventDate "1999.07.02"]
[EventType "swiss"]
[EventRounds "5"]
[EventCountry "CAN"]

1. e4 d6 2. d4 Nf6 3. Nc3 g6 4. Nf3 Bg4 5. h3 Bxf3 6. Qxf3 Nc6 7. Be3 a6 8. Bc4 Bg7 9. O-O O-O 10. Rad1 e5 11. d5 Ne7 12. Be2 Nd7 13. g4 f5 14. gxf5 gxf5 15. Bg5 fxe4 16. Qxe4 Nf6 17. Qh4 Ng6 18. Qg3 Qd7 19. Kh1 Nf4 20. Bxf4 exf4 21. Qf3 Rae8 22. Bd3 Re5 23. Ne4 Nxe4 24. Bxe4 Rxe4 25. Qxe4 Qxh3+ 26. Kg1 Rf6 27. Rd3 Rg6+ 28. Qxg6 Qd7 29. Qe6+ 1-0

[Event "Canada Day op"]
[Site "Toronto CAN"]
[Date "1999.07.04"]
[Round "4"]
[White "Rodina, Nataliya"]
[Black "Cohen, David"]
[Result "1/2-1/2"]
[WhiteElo "1829"]
[BlackElo "2050"]
[PlyCount "97"]
[GameId "2160767911743211"]
[EventDate "1999.07.02"]
[EventType "swiss"]
[EventRounds "5"]
[EventCountry "CAN"]

1. e4 c5 2. Nf3 d6 3. d4 cxd4 4. Nxd4 Nf6 5. Nc3 Nc6 6. Be2 e6 7. Be3 Be7 8. O-O O-O 9. Qd2 a6 10. a4 Bd7 11. Nb3 Qc7 12. a5 Rac8 13. f4 Nb4 14. Bb6 Qb8 15. Bf3 Bc6 16. Rad1 d5 17. e5 Ne4 18. Bxe4 dxe4 19. Rfe1 Nd5 20. Nxe4 Nxb6 21. axb6 Bd5 22. Nd4 Rc4 23. b3 Rb4 24. c4 Bxe4 25. Rxe4 Rxb6 26. Qc2 Bc5 27. Kf1 Qc7 28. Rd3 f6 29. exf6 Rxf6 30. Rf3 Rd6 31. Qc3 Qd8 32. Nc2 Rd1+ 33. Re1 Rd2 34. Re2 Rd1+ 35. Re1 Rxe1+ 36. Kxe1 a5 37. Ke2 Qc7 38. g3 Bd6 39. Nd4 Bb4 40. Qe3 Qd6 41. Qe5 Qxe5+ 42. fxe5 Rxf3 43. Kxf3 Kf7 44. Ke4 Ke7 45. g4 Kd7 46. Nf3 h6 47. h4 Bc5 48. h5 Kc6 49. g5 1/2-1/2

[Event "Canada Day op"]
[Site "Toronto CAN"]
[Date "1999.07.04"]
[Round "5"]
[White "Lamb, Bryan"]
[Black "Cohen, David"]
[Result "1-0"]
[WhiteElo "2240"]
[BlackElo "2050"]
[PlyCount "83"]
[GameId "2160767911743212"]
[EventDate "1999.07.02"]
[EventType "swiss"]
[EventRounds "5"]
[EventCountry "CAN"]

1. c4 e5 2. g3 Nf6 3. Bg2 d5 4. cxd5 Nxd5 5. Nc3 Nb6 6. Nf3 Nc6 7. O-O Be6 8. d3 Be7 9. Be3 O-O 10. Rc1 Nd5 11. Bd2 h6 12. Ne4 Qd7 13. Nc5 Bxc5 14. Rxc5 Rfd8 15. Qb1 Bh3 16. Rxd5 Qxd5 17. Bxh3 Nd4 18. Nxd4 exd4 19. Bg2 Qb5 20. Rc1 c6 21. Rc4 Qe5 22. Bf3 Rd7 23. Qc2 Rad8 24. Rc5 Qe6 25. b4 g5 26. g4 a6 27. h3 f6 28. Bc1 Kg7 29. a4 Rd6 30. Ba3 Ra8 31. Be4 Re8 32. Kf1 h5 33. Qc4 Qxc4 34. Rxc4 hxg4 35. hxg4 b5 36. Rxc6 Rxc6 37. Bxc6 Rc8 38. axb5 axb5 39. Bxb5 Rc3 40. Bb2 Rb3 41. Bxd4 Rxb4 42. Bc4 1-0

[Event "Capablanca"]
[Site "Charlesbourg CAN"]
[Date "1999.06.21"]
[Round "3"]
[White "Poliquin, Yvon"]
[Black "Lessard, Claude"]
[Result "0-1"]
[WhiteElo "1852"]
[BlackElo "1923"]
[PlyCount "51"]
[GameId "2160767911743318"]
[EventDate "1999.06.07"]
[EventType "swiss"]
[EventRounds "5"]
[EventCountry "CAN"]
[SourceTitle "Echec+ 1999.09"]

1. e4 e6 2. d4 d5 3. e5 c5 4. c3 Nc6 5. Nf3 Qb6 6. Bd3 Bd7 7. dxc5 Bxc5 8. Qe2 Qc7 9. b4 Bb6 10. Na3 a6 11. O-O f6 12. exf6 Nxf6 13. b5 Ne7 14. Ne5 O-O 15. Bb2 Be8 16. Rac1 Nf5 17. Nc2 Ne4 18. Nf3 Qf4 19. Nfd4 Rf6 20. c4 Qh4 21. g3 Qh3 22. Bxe4 dxe4 23. Nxf5 exf5 24. Kh1 Rh6 25. f4 Bh5 26. Qe1 0-1

[Event "Carnaval Quebec"]
[Site "St-Augustin CAN"]
[Date "1999.03.05"]
[Round "1"]
[White "Goldenberg, Danny"]
[Black "Martineau, Michel"]
[Result "1-0"]
[WhiteElo "2289"]
[BlackElo "1981"]
[PlyCount "56"]
[GameId "2160767911805423"]
[EventDate "1999.03.05"]
[EventType "swiss"]
[EventRounds "5"]
[EventCountry "CAN"]
[SourceTitle "FQE 08"]

1. e4 g6 2. d4 Bg7 3. Nc3 c6 4. Nf3 d5 5. Be2 Bg4 6. exd5 cxd5 7. h3 Bxf3 8. Bxf3 e6 9. h4 Nc6 10. Ne2 Nge7 11. c3 Qd7 12. Nf4 O-O-O 13. Nd3 e5 14. dxe5 Nxe5 15. Nxe5 Bxe5 16. O-O d4 17. Re1 Qc7 18. Qb3 Rd7 19. cxd4 Bxd4 20. Be3 Bxe3 21. Qxe3 Kb8 22. Rac1 Qd8 23. Rcd1 Re8 24. Qe5+ Ka8 25. Bxb7+ Kxb7 26. Qb5+ Ka8 27. Rc1 Rc7 28. Rxc7 Qxc7 1-0

[Event "Carnaval Quebec"]
[Site "St-Augustin CAN"]
[Date "1999.03.05"]
[Round "1"]
[White "Marquis, Paul"]
[Black "Wenaas, Eric"]
[Result "0-1"]
[WhiteElo "1949"]
[BlackElo "2216"]
[PlyCount "64"]
[GameId "2160767911805425"]
[EventDate "1999.03.05"]
[EventType "swiss"]
[EventRounds "5"]
[EventCountry "CAN"]
[SourceTitle "FQE 08"]

1. e4 e5 2. Nf3 Nc6 3. Bb5 a6 4. Ba4 Nf6 5. O-O b5 6. Bb3 Bb7 7. d3 Be7 8. Qe2 O-O 9. h3 d6 10. Be3 Na5 11. Nbd2 c5 12. c3 Nxb3 13. axb3 Re8 14. c4 Nd7 15. Nh2 Bg5 16. Qh5 Bf4 17. g3 g6 18. Qg4 h5 19. Qf3 Bg5 20. h4 Be7 21. Qe2 Bf8 22. f4 exf4 23. Bxf4 Ne5 24. Bxe5 dxe5 25. Ndf3 Bg7 26. Rad1 Qd7 27. Qf2 Rac8 28. Rfe1 Rf8 29. Nf1 f5 30. Ne3 fxe4 31. dxe4 Qf7 32. Nd5 Bxd5 0-1

[Event "Carnaval Quebec"]
[Site "St-Augustin CAN"]
[Date "1999.03.06"]
[Round "2"]
[White "Duong, Thanh Nha"]
[Black "Berthiaume, Serge"]
[Result "1/2-1/2"]
[WhiteElo "2408"]
[BlackElo "2086"]
[PlyCount "82"]
[GameId "2160767911805426"]
[EventDate "1999.03.05"]
[EventType "swiss"]
[EventRounds "5"]
[EventCountry "CAN"]
[SourceTitle "FQE 08"]

1. d4 Nf6 2. c4 e6 3. Nf3 d5 4. Bg5 c6 5. e3 Nbd7 6. cxd5 exd5 7. Nc3 Be7 8. Bd3 O-O 9. Qc2 Re8 10. O-O Nf8 11. Bxf6 Bxf6 12. b4 Bg4 13. Nd2 Bg5 14. Rab1 Qf6 15. b5 Qh6 16. Nb3 Ng6 17. bxc6 bxc6 18. Nd1 Nh4 19. f4 Bd8 20. Qf2 Nf5 21. Re1 Re6 22. e4 dxe4 23. Rxe4 Bb6 24. h3 Bxd1 25. Rxd1 Rd6 26. Kh2 Qf6 27. Bc4 Rad8 28. Qe2 g6 29. Re8+ Kg7 30. Rxd8 Rxd8 31. Qf3 Nxd4 32. Nxd4 Rxd4 33. Rxd4 Qxd4 34. Qf1 Bc7 35. g3 Bb6 36. Kg2 h5 37. h4 f6 38. Bb3 Kh6 39. Qc1 Qe4+ 40. Kh2 Be3 41. Qd1 Bd4 1/2-1/2

[Event "Carnaval Quebec"]
[Site "St-Augustin CAN"]
[Date "1999.03.06"]
[Round "2"]
[White "Fortier, Marc-Andre"]
[Black "Goldenberg, Danny"]
[Result "1/2-1/2"]
[WhiteElo "2090"]
[BlackElo "2284"]
[PlyCount "90"]
[GameId "2160767911805427"]
[EventDate "1999.03.05"]
[EventType "swiss"]
[EventRounds "5"]
[EventCountry "CAN"]
[SourceTitle "FQE 08"]

1. e4 c5 2. Nc3 Nc6 3. g3 g6 4. Bg2 Bg7 5. d3 d6 6. f4 e6 7. Nf3 Nge7 8. O-O O-O 9. Rb1 Rb8 10. Be3 Nd4 11. Ne2 Nxf3+ 12. Bxf3 Qc7 13. c3 b6 14. Rc1 Bb7 15. g4 f5 16. Ng3 Kh8 17. h3 Rf7 18. Qb3 d5 19. gxf5 gxf5 20. Bh5 Rf6 21. e5 Rh6 22. d4 c4 23. Qd1 Bc6 24. Kh2 Be8 25. Be2 Nc6 26. Rg1 b5 27. b4 cxb3 28. axb3 Qe7 29. Qf1 Na5 30. b4 Nc4 31. Bxc4 bxc4 32. Ra1 Bb5 33. Qf3 Qf7 34. Ra2 Rg8 35. Nf1 Bf8 36. Rxg8+ Kxg8 37. Bf2 a6 38. Bh4 Be7 39. Bxe7 Qxe7 40. Rg2+ Rg6 41. Rxg6+ hxg6 42. Qg3 Kf7 43. Nd2 Be8 44. Nf3 Qd8 45. Qg5 Qxg5 1/2-1/2

[Event "Carnaval Quebec"]
[Site "St-Augustin CAN"]
[Date "1999.03.06"]
[Round "2"]
[White "Soudre, Nicolas"]
[Black "Schleifer, Michael"]
[Result "1/2-1/2"]
[WhiteElo "2149"]
[BlackElo "2418"]
[PlyCount "64"]
[GameId "2160767911805428"]
[EventDate "1999.03.05"]
[EventType "swiss"]
[EventRounds "5"]
[EventCountry "CAN"]
[SourceTitle "FQE 08"]

1. e4 c6 2. d4 d5 3. Nc3 dxe4 4. Nxe4 Nd7 5. Ng3 Ngf6 6. Nf3 e6 7. Bd3 Be7 8. O-O O-O 9. Re1 c5 10. c3 cxd4 11. Nxd4 Re8 12. Bc2 Nf8 13. Qe2 a6 14. a4 Qc7 15. Qf3 Bd7 16. Bf4 Qc8 17. Ne4 Ng6 18. Nxf6+ Bxf6 19. Be3 Ne5 20. Qe4 g6 21. Bc1 b6 22. Qf4 Bg7 23. Rxe5 f6 24. Re1 e5 25. Bb3+ Kh8 26. Qd2 exd4 27. Rxe8+ Qxe8 28. cxd4 b5 29. a5 Qf8 30. Bd5 Rd8 31. Qc3 f5 32. Bg5 Rc8 1/2-1/2

[Event "Carnaval Quebec"]
[Site "St-Augustin CAN"]
[Date "1999.03.06"]
[Round "3"]
[White "Auger, Bertrand"]
[Black "Wenaas, Eric"]
[Result "1/2-1/2"]
[WhiteElo "2098"]
[BlackElo "2216"]
[PlyCount "58"]
[GameId "2160767911805429"]
[EventDate "1999.03.05"]
[EventType "swiss"]
[EventRounds "5"]
[EventCountry "CAN"]

1. Nf3 c5 2. g3 Nf6 3. b3 d5 4. Bg2 e6 5. O-O Be7 6. Bb2 O-O 7. c4 Nc6 8. cxd5 exd5 9. d4 Ne4 10. dxc5 Bxc5 11. Nc3 Nxc3 12. Bxc3 d4 13. Bb2 Bf5 14. Qc1 Qe7 15. Qf4 Be4 16. Rac1 Rfe8 17. h4 h6 18. Rfd1 Rad8 19. h5 Bd6 20. Qg4 Bxf3 21. exf3 Qg5 22. Qxg5 hxg5 23. Bf1 Be5 24. Ba3 Rd5 25. Rc5 Red8 26. Bd3 Rxc5 27. Bxc5 Bd6 28. Bxd6 Rxd6 29. Kf1 Kf8 1/2-1/2

[Event "Carnaval Quebec"]
[Site "St-Augustin CAN"]
[Date "1999.03.06"]
[Round "3"]
[White "Belanger, Jacques"]
[Black "Soudre, Nicolas"]
[Result "1-0"]
[WhiteElo "2025"]
[BlackElo "2147"]
[PlyCount "45"]
[GameId "2160767911805430"]
[EventDate "1999.03.05"]
[EventType "swiss"]
[EventRounds "5"]
[EventCountry "CAN"]

1. e4 e6 2. d4 d5 3. Nc3 Nf6 4. Bg5 Be7 5. e5 Nfd7 6. h4 a6 7. Qg4 f5 8. Qh5+ g6 9. Qh6 Bxg5 10. hxg5 Qe7 11. Nge2 Nf8 12. Nf4 c5 13. Ncxd5 exd5 14. Nxd5 Qd8 15. Nf6+ Kf7 16. Bc4+ Ne6 17. d5 Nd4 18. O-O-O b5 19. Qxh7+ Rxh7 20. Rxh7+ Kf8 21. e6 Bxe6 22. dxe6 Ne2+ 23. Bxe2 1-0

[Event "Carnaval Quebec"]
[Site "St-Augustin CAN"]
[Date "1999.03.06"]
[Round "3"]
[White "Fortier, Marc-Andre"]
[Black "Duong, Thanh Nha"]
[Result "1/2-1/2"]
[WhiteElo "2108"]
[BlackElo "2408"]
[PlyCount "99"]
[GameId "2160767911805431"]
[EventDate "1999.03.05"]
[EventType "swiss"]
[EventRounds "5"]
[EventCountry "CAN"]
[SourceTitle "FQE 08"]

1. e4 e5 2. Nf3 Nc6 3. Bb5 a6 4. Ba4 Nf6 5. O-O Be7 6. Re1 b5 7. Bb3 O-O 8. c3 d5 9. exd5 Nxd5 10. Nxe5 Nxe5 11. Rxe5 c6 12. d4 Bd6 13. Re1 Qh4 14. g3 Qh3 15. Be3 Bg4 16. Qd3 f5 17. f4 Kh8 18. Bxd5 cxd5 19. Nd2 Rae8 20. Qf1 Qh5 21. Qg2 g5 22. fxg5 Rxe3 23. Rxe3 f4 24. gxf4 Bxf4 25. Rg3 Bxg3 26. Qxg3 Qxg5 27. Qe5+ Qxe5 28. dxe5 Bh3 29. Re1 Rg8+ 30. Kf2 Rg2+ 31. Ke3 Rxh2 32. Nf3 Rxb2 33. Rg1 Rg2 34. Rxg2 Bxg2 35. Ng5 h6 36. Ne6 Kg8 37. Nc7 h5 38. Nxa6 h4 39. Kf2 Be4 40. Nc7 Kf7 41. Nxb5 Ke6 42. Kg1 Kxe5 43. Kh2 Bf5 44. Nd4 Bg4 45. a4 Kd6 46. a5 Kc5 47. Nc2 Bc8 48. Ne3 Kd6 49. a6 Bxa6 50. Kh3 1/2-1/2

[Event "Carnaval Quebec"]
[Site "St-Augustin CAN"]
[Date "1999.03.06"]
[Round "3"]
[White "Schleifer, Michael"]
[Black "Leriche, Felix"]
[Result "1-0"]
[WhiteElo "2417"]
[BlackElo "2177"]
[PlyCount "37"]
[GameId "2160767911805433"]
[EventDate "1999.03.05"]
[EventType "swiss"]
[EventRounds "5"]
[EventCountry "CAN"]

1. e4 e6 2. d3 b5 3. g3 Bb7 4. Bg2 c5 5. c4 a6 6. Ne2 d5 7. exd5 exd5 8. Nbc3 Ne7 9. Nf4 Ra7 10. Ncxd5 Qd6 11. h4 Nbc6 12. O-O h6 13. h5 g5 14. hxg6 fxg6 15. Re1 Ne5 16. b4 Bxd5 17. Nxd5 cxb4 18. c5 Qb8 19. Bf4 1-0

[Event "Carnaval Quebec"]
[Site "St-Augustin CAN"]
[Date "1999.03.07"]
[Round "4"]
[White "Duong, Thanh Nha"]
[Black "Auger, Bertrand"]
[Result "1-0"]
[WhiteElo "2408"]
[BlackElo "2098"]
[PlyCount "57"]
[GameId "2160767911805434"]
[EventDate "1999.03.05"]
[EventType "swiss"]
[EventRounds "5"]
[EventCountry "CAN"]

1. b3 e5 2. Bb2 Nc6 3. e3 g6 4. f4 Bg7 5. Nf3 d6 6. Bb5 Bg4 7. Bxc6+ bxc6 8. d3 f5 9. Nbd2 Nh6 10. h3 Bh5 11. fxe5 dxe5 12. Nc4 Nf7 13. Qd2 Qd5 14. O-O g5 15. Qb4 O-O-O 16. e4 Qb5 17. Qe1 Bxf3 18. Rxf3 f4 19. a4 Qc5+ 20. Rf2 g4 21. hxg4 Ng5 22. Rd1 a6 23. Ba3 Qa7 24. Be7 h6 25. Bxd8 Kxd8 26. d4 exd4 27. e5 h5 28. Rxf4 d3+ 29. Qf2 1-0

[Event "Carnaval Quebec"]
[Site "St-Augustin CAN"]
[Date "1999.03.07"]
[Round "4"]
[White "Khassanov, Marat"]
[Black "Goldenberg, Danny"]
[Result "1/2-1/2"]
[WhiteElo "2438"]
[BlackElo "2284"]
[PlyCount "46"]
[GameId "2160767911805435"]
[EventDate "1999.03.05"]
[EventType "swiss"]
[EventRounds "5"]
[EventCountry "CAN"]
[SourceTitle "FQE 08"]

1. c4 g6 2. Nc3 Bg7 3. g3 e5 4. Bg2 f5 5. d3 Nf6 6. e3 d6 7. Nge2 O-O 8. O-O c6 9. Bd2 Be6 10. Rc1 Nbd7 11. b4 d5 12. cxd5 cxd5 13. Nb5 Ne8 14. Qc2 Nb6 15. a4 a6 16. Na3 Rc8 17. Qb3 Qd7 18. Rxc8 Nxc8 19. a5 Nc7 20. Rc1 Nd6 21. e4 fxe4 22. dxe4 Qf7 23. Be1 dxe4 1/2-1/2

[Event "Carnaval Quebec"]
[Site "St-Augustin CAN"]
[Date "1999.03.07"]
[Round "4"]
[White "Wenaas, Eric"]
[Black "Belanger, Jacques"]
[Result "1-0"]
[WhiteElo "2216"]
[BlackElo "2025"]
[PlyCount "125"]
[GameId "2160767911805437"]
[EventDate "1999.03.05"]
[EventType "swiss"]
[EventRounds "5"]
[EventCountry "CAN"]
[SourceTitle "FQE 08"]

1. Nf3 Nf6 2. c4 g6 3. g3 Bg7 4. Bg2 O-O 5. O-O c6 6. d4 d6 7. Nc3 Nbd7 8. e4 e5 9. h3 Qb6 10. Re1 Re8 11. d5 cxd5 12. cxd5 Nc5 13. Rb1 a5 14. Be3 Qc7 15. Rc1 Bd7 16. Bf1 b6 17. Bxc5 bxc5 18. Bb5 Bxb5 19. Nxb5 Qb6 20. a4 Bh6 21. Rc2 Rf8 22. Nh2 Nh5 23. Ng4 Kg7 24. Kh2 Qd8 25. Nxh6 Kxh6 26. Qd2+ Kg7 27. f4 exf4 28. g4 Nf6 29. Qxf4 Ne8 30. e5 Ra6 31. exd6 Nxd6 32. Rxc5 Re8 33. Rxe8 Qxe8 34. Nxd6 Qe2+ 35. Kg1 Rxd6 36. Rc7 Rf6 37. Qd4 Qf1+ 38. Kh2 Kh6 39. Qd2+ g5 40. Rc2 Rf3 41. Qg2 Qd1 42. Rd2 Qb3 43. d6 Qe3 44. d7 Qf4+ 45. Kg1 Qe3+ 46. Rf2 Rxf2 47. Qxf2 Qc1+ 48. Kg2 Qc6+ 49. Qf3 Qc2+ 50. Kg3 Qc7+ 51. Kf2 Qc5+ 52. Ke1 Qc1+ 53. Qd1 Qe3+ 54. Kf1 Qxh3+ 55. Kf2 Qh2+ 56. Ke3 Qe5+ 57. Kd3 Qd6+ 58. Kc2 Qc7+ 59. Kb3 Qb6+ 60. Ka3 Qd8 61. Qd6+ Kg7 62. b4 axb4+ 63. Kxb4 1-0

[Event "Carnaval Quebec"]
[Site "St-Augustin CAN"]
[Date "1999.03.07"]
[Round "5"]
[White "Auger, Bertrand"]
[Black "Belanger, Jacques"]
[Result "1/2-1/2"]
[WhiteElo "2098"]
[BlackElo "2025"]
[PlyCount "33"]
[GameId "2160767911805438"]
[EventDate "1999.03.05"]
[EventType "swiss"]
[EventRounds "5"]
[EventCountry "CAN"]

1. Nf3 Nf6 2. g3 g6 3. b4 Bg7 4. Bb2 O-O 5. Bg2 c6 6. c4 a5 7. a3 axb4 8. axb4 Rxa1 9. Bxa1 Qb6 10. Qb3 Na6 11. b5 Ne4 12. d4 Qa5+ 13. Bc3 Nxc3 14. Qxc3 Qa2 15. O-O Nc5 16. Qe3 Ne6 17. Nbd2 1/2-1/2

[Event "Carnaval Quebec"]
[Site "St-Augustin CAN"]
[Date "1999.03.07"]
[Round "5"]
[White "Bourassa, Andre"]
[Black "Marchand, Bruno"]
[Result "1-0"]
[WhiteElo "1511"]
[BlackElo "1675"]
[PlyCount "171"]
[GameId "2160767911805439"]
[EventDate "1999.03.05"]
[EventType "swiss"]
[EventRounds "5"]
[EventCountry "CAN"]

1. d4 d5 2. c4 e6 3. Nf3 Nf6 4. Bg5 Nbd7 5. e3 Be7 6. Nc3 O-O 7. Rc1 c6 8. Bd3 dxc4 9. Bxc4 Nd5 10. Bxe7 Qxe7 11. O-O Nxc3 12. Rxc3 e5 13. Re1 e4 14. Nd2 Nf6 15. Qc2 Bg4 16. Be2 Bxe2 17. Rxe2 Rfd8 18. Rc5 Rd7 19. Re5 Qb4 20. Nxe4 Nd5 21. Nc5 Rdd8 22. Rh5 g6 23. Rh3 Ne7 24. Ne4 Kg7 25. Ng5 h6 26. a3 Qb5 27. Ne4 Rac8 28. Re1 b6 29. Nc3 Qa5 30. Qd2 h5 31. Qe2 c5 32. g4 cxd4 33. exd4 hxg4 34. Qxg4 Nf5 35. Rd3 Qa6 36. Red1 Rh8 37. Rh3 Rhe8 38. Rf3 Nh6 39. Qg5 b5 40. Nxb5 Qa5 41. Qf6+ Kg8 42. Nc3 Re6 43. Qh4 Nf5 44. Qf4 Rce8 45. d5 Re5 46. Qc4 Qd8 47. Rf4 Nh6 48. Ne4 f5 49. d6+ Nf7 50. Ng3 Re1+ 51. Rxe1 Rxe1+ 52. Kg2 Qxd6 53. Rd4 Qe7 54. Qc8+ Qe8 55. Qxe8+ Rxe8 56. Rd7 a5 57. Rb7 Re5 58. b4 f4 59. Nf1 g5 60. Kf3 Nd6 61. Rb6 Nc4 62. Rb8+ Kf7 63. h4 Nxa3 64. hxg5 Rxg5 65. Kxf4 Rh5 66. bxa5 Rxa5 67. Kg4 Nc4 68. f4 Nd6 69. Ng3 Ra4 70. Nh5 Ra1 71. Rd8 Rg1+ 72. Kf3 Ke7 73. Ra8 Rf1+ 74. Kg2 Rd1 75. Ra2 Rd3 76. Re2+ Kf7 77. Ng3 Kf8 78. Kf2 Ne8 79. Re3 Rd2+ 80. Kf3 Ra2 81. f5 Kf7 82. Kf4 Nd6 83. Ke5 Nxf5 84. Nxf5 Ra5+ 85. Kf4 Rb5 86. Nd6+ 1-0

[Event "Carnaval Quebec"]
[Site "St-Augustin CAN"]
[Date "1999.03.07"]
[Round "5"]
[White "Wenaas, Eric"]
[Black "Schleifer, Michael"]
[Result "1-0"]
[WhiteElo "2216"]
[BlackElo "2417"]
[PlyCount "89"]
[GameId "2160767911805441"]
[EventDate "1999.03.05"]
[EventType "swiss"]
[EventRounds "5"]
[EventCountry "CAN"]

1. Nf3 g6 2. c4 Bg7 3. Nc3 d6 4. g3 e5 5. d3 f5 6. Bg2 Nf6 7. O-O O-O 8. Rb1 c6 9. b4 h6 10. b5 e4 11. dxe4 fxe4 12. Nd4 d5 13. bxc6 Nxc6 14. cxd5 Nxd5 15. Nxc6 bxc6 16. Nxe4 Bf5 17. Bb2 Bxb2 18. Rxb2 Rb8 19. Qd4 Rxb2 20. Qxb2 Re8 21. Nc3 Be6 22. Nxd5 Bxd5 23. Bxd5+ Qxd5 24. e3 Qe4 25. Qb1 c5 26. Qxe4 Rxe4 27. Rc1 Ra4 28. Rxc5 Rxa2 29. Rc7 a5 30. Ra7 a4 31. Kg2 a3 32. Kf3 Ra1 33. e4 a2 34. Kf4 Rh1 35. Rxa2 Rxh2 36. Ke5 Kf7 37. Ra7+ Kf8 38. Ra2 Kf7 39. Kd6 Rh1 40. Ra7+ Kf8 41. e5 Rf1 42. e6 Rxf2 43. Ra8+ Kg7 44. e7 Rd2+ 45. Kc5 1-0

[Event "Carnaval Quebec U2000"]
[Site "St-Augustin CAN"]
[Date "1999.03.05"]
[Round "1"]
[White "Morin, Louis"]
[Black "Paduano, Gennaro"]
[Result "1-0"]
[WhiteElo "1870"]
[BlackElo "1504"]
[PlyCount "52"]
[GameId "2160767911805442"]
[EventDate "1999.03.05"]
[EventType "swiss"]
[EventRounds "5"]
[EventCountry "CAN"]
[SourceTitle "hb 2013"]

1. e4 c5 2. d4 cxd4 3. c3 dxc3 4. Nxc3 d6 5. Nf3 Nc6 6. Bc4 e6 7. O-O Be7 8. Qe2 a6 9. Bf4 b5 10. Bb3 Bb7 11. Rfd1 Qc7 12. Rac1 Qd7 13. e5 d5 14. Nxd5 exd5 15. Bxd5 Nd4 16. Bxf7+ Kxf7 17. Rxd4 Qe6 18. Rc7 Bxf3 19. Qxf3 Rc8 20. Rd6 Rxc7 21. Rxe6 Kxe6 22. Qg4+ Kf7 23. e6+ Kf8 24. Bxc7 Nf6 25. Qf3 g6 26. Bd6 Rg8 1-0

[Event "Carnaval Quebec U2000"]
[Site "St-Augustin CAN"]
[Date "1999.03.06"]
[Round "2"]
[White "Blanchette, Rene"]
[Black "Lacroix, Serge"]
[Result "0-1"]
[Annotator "Incomplete"]
[WhiteElo "1702"]
[BlackElo "2057"]
[PlyCount "58"]
[GameId "2160767739837762"]
[EventDate "1999.03.05"]
[EventType "swiss"]
[EventRounds "5"]
[EventCountry "CAN"]
[SourceTitle "Lacroix"]

1. e4 e5 2. Nf3 Nc6 3. d4 exd4 4. Nxd4 Bc5 5. Be3 Qf6 6. c3 d6 7. Bb5 Bd7 8. O-O Nge7 9. Nd2 O-O 10. Nxc6 bxc6 11. Bxc5 cxb5 12. Bd4 Qg6 13. f4 f5 14. Rf3 Rf7 15. Rg3 Qe6 16. Nf3 h6 17. e5 Bc6 18. exd6 cxd6 19. Qd3 Qe4 20. Qf1 Qxf4 21. Re1 Nd5 22. c4 Nb4 23. cxb5 Bxf3 24. Be3 Qh4 25. Qxf3 Re8 26. Bf2 Rxe1+ 27. Bxe1 Qd4+ 28. Qe3 Qxe3+ 29. Rxe3 Nc2 {etc.} 0-1